000 02019cam a22004335a 4500
001 L159470
008 170728s2017 xxk f 000 0 eng d
020 _a9780727761644
035 _a(Sirsi) u159470
041 _aeng
050 _a347.4107
245 _aKeating construction dispute resolution handbook
250 _a3rd ed.
260 _aLondon
_bICE
_c2017
350 _a70
520 _aProvides straightforward and pragmatic advice on dealing with construction disputes, at all stages, using principles that are applicable internationally. The book covers the complete spectrum of dispute resolution expertise required by construction professionals. It covers all seven forms of construction dispute resolution: arbitration, adjudication, litigation, mediation, dispute boards, expert determination and early neutral evaluation. It also describes additional hybrid processes for international disputes involving a combination of these processes. Each procedure is clearly explained and compared with other procedures, and the book includes practical help and guidance on making effective use of procedures, and selecting the right methods and best strategy for satisfactory resolution of disputes, minimising time and costs.
650 _aCONFLICT MANAGEMENT
650 _aCONSTRUCTION DISPUTES
650 _aDispute resolution
_96236
650 _aADJUDICATION
650 2 4 _aLITIGATION
650 2 4 _aARBITRATION
650 2 4 _aMEDIATION
650 2 4 _aEXPERT DETERMINATION
650 2 4 _aEVALUATION
650 2 4 _aDISPUTE RESOLUTION BOARD
651 4 _aENGLAND AND WALES
690 _aDispute resolution
_96236
700 _aGaitskell, Robert
_cDr
_xEditor
700 _aO'Farrell, Finola
_xAuthor
700 _aEvans, Robert
_xAuthor
700 1 _aLee, Jonathan
_xAuthor
700 1 _aBuckingham, Paul
_xAuthor
700 1 _aCoplin, Richard
_xAuthor
700 1 _aChambers, Gaynor
_xAuthor
700 1 _aLee, Krista
_xAuthor
700 1 _aTownend, Samuel
_xAuthor
942 _n0
999 _c115930
_d115930